000 00395nam a2200133Ia 4500
008 100328s9999 xx 000 0 und d
082 _b23294
100 _aढसाळ नामदेव
245 _aहाडकी हाड वळा
260 _bअस्मिता
630 _aहाडकी हाड वळा
730 _aहाडकी हाड वळा
942 _cBOOK
999 _c517047
_d517044